[Event "Oberliga Ost A9899"]
[Site "GER"]
[Date "1998.??.??"]
[Round "?"]
[White "Hermannsdoerfer, Frank"]
[Black "Eichner, Sebastian"]
[Result "0-1"]
[WhiteElo "2145"]
[BlackElo "2140"]

1.d4 Nf6 2.Bg5 c5 3.d5 d6 4.Nc3 Nbd7 5.e4 g6 6.Qd2 Bg7 7.Be2 a6 8.a4 Qa5
9.Ra3 Rb8 10.Nf3 h6 11.Bf4 g5 12.Be3 Ng4 13.Nd1 Qc7 14.O-O Nxe3 15.Qxe3 b5
16.axb5 axb5 17.c3 Ne5 18.Nxe5 Bxe5 19.Bh5 e6 20.Qe2 O-O 21.h4 b4 22.cxb4 Rxb4
23.hxg5 hxg5 24.Qg4 Bf4 25.Qe2 Be5 26.Qg4 Bf4 27.Qe2 f6 28.Nc3 Be5 29.dxe6 Bxe6
30.Nd5 Bxd5 31.exd5 Rxb2 32.Qg4 Qc8 33.Qf3 Qd7 34.Bg6 Qg7 35.Qf5 Rb4 36.Rh3 Rh4
37.Rxh4 gxh4 38.Qe6+ Kh8 39.Qg4 Qh6 40.Be4 Rg8 41.Qh3 Qf4 42.Bc2 Qg4 43.Qxg4 Rxg4
44.Rd1 Kg7 45.Kf1 Bd4 46.Rd2 Rg5 47.Bb3 f5 48.Re2 Be5 49.Bc2 f4 50.Be4 Kf6
51.Ra2 Rg8 52.Ke2 Rb8 53.Kf3 Kg5 54.Ke2 Bd4 55.Bd3 Kf6 56.Kf3 Ke5 57.Re2+ Kxd5
58.Kxf4 c4 59.Be4+ Kc5 60.Kg4 Re8 61.f4 d5 62.Bf3 Rxe2 63.Bxe2 Bf6 64.Kf5 Bd8
65.Ke6 d4 66.Ke5 d3 67.Bf1 Kb4 68.Kd5 Kc3 69.f5 Bg5 70.Kc5 Be3+ 71.Kd5 Bd4
72.Ke4 Bc5 73.Kd5 Bf8 74.f6 Ba3 75.f7 Bf8 76.Ke4 Kd2  0-1

[Event "NRW-Liga I 9899"]
[Site "GER"]
[Date "1998.??.??"]
[Round "1"]
[White "Lobron, Eric"]
[Black "Klovans, Janis"]
[Result "0-1"]
[WhiteElo "2540"]
[BlackElo "2460"]

1.d4 d5 2.Bg5 Nf6 3.Bxf6 exf6 4.e3 Be6 5.Bd3 Nd7 6.Nc3 c6 7.Qf3 g6 8.e4 dxe4
9.Qxe4 f5 10.Qf4 Bg7 11.Nf3 h6 12.O-O-O O-O 13.Rhe1 Nb6 14.Ne5 Re8 15.h4 Nd5
16.Nxd5 Qxd5 17.c4 Qd6 18.Nxg6 Qxd4 19.Qxd4 Bxd4 20.Nf4 Bxf2 21.Re2 Bxh4
22.Nxe6 fxe6 23.c5 Rad8 24.Bc4 Bg5+ 25.Kc2 Rxd1 26.Kxd1 Kf7 27.b4 Kf6 28.Rc2 Rd8+
29.Ke2 e5 30.b5 e4 31.a4 Bf4 32.a5 cxb5 33.Bxb5 a6 34.Ba4 Rd4 35.Be8 Rd5
36.c6 bxc6 37.Bxc6 Rxa5 38.Bb7 Ke5 39.Kf2 Bg5 40.Bc8 f4 41.Bb7 Ra3 42.Rc4 Ra2+
43.Kf1 e3  0-1

[Event "Oberliga Nord W9798"]
[Site "Germany"]
[Date "1998.??.??"]
[Round "?.3"]
[White "Jolowicz, Matias"]
[Black "Schubert, Thomas"]
[Result "1-0"]
[WhiteElo "2240"]
[BlackElo "2295"]

1.d4 Nf6 2.Bg5 d5 3.Bxf6 exf6 4.e3 Be6 5.Bd3 c6 6.Ne2 Bd6 7.c3 g6 8.Nd2 f5
9.O-O O-O 10.c4 Nd7 11.c5 Bc7 12.b4 Nf6 13.b5 Ne4 14.f3 Nxd2 15.Qxd2 Bd7
16.Rab1 Re8 17.f4 Ba5 18.Qc1 Qc7 19.Rf3 Re7 20.Ng3 Rae8 21.Nf1 b6 22.bxc6 Bxc6
23.Rf2 bxc5 24.Qxc5 Bb6 25.Qb4 Rxe3 26.Nxe3 Rxe3 27.Rd1 Bb7 28.g3 Qc6 29.Re2 Rxe2
30.Bxe2 Qc2 31.Rd2 Qe4 32.Kf2 Qh1 33.Bf3 Qxh2+ 34.Bg2 Qh6 35.Qe7 Ba8 36.Rc2 Bxd4+
37.Kf1 Bb7 38.Qxb7 Qh2 39.Qxf7+  1-0

[Event "Oberliga Nord N9798"]
[Site "Germany"]
[Date "1998.??.??"]
[Round "?"]
[White "Sell, Achim"]
[Black "Mach, Holger"]
[Result "1/2-1/2"]
[WhiteElo "2300"]
[BlackElo "2300"]

1.d4 Nf6 2.Bg5 d5 3.Bxf6 gxf6 4.e3 c5 5.Nc3 e6 6.dxc5 Bxc5 7.Qg4 Nc6 8.O-O-O Bd7
9.Bd3 Qe7 10.Nge2 O-O-O 11.Qh4 Ne5 12.Nf4 Bc6 13.Nce2 Rdg8 14.Ng3 Ng4 15.Ngh5 f5
16.Qxe7 Bxe7 17.Rd2 Kb8 18.h3 Ne5 19.Rhd1 Rc8 20.Be2 Rhg8 21.Kb1 Rc7 22.Rc1 Bd7
23.Rg1 b5 24.Rdd1 Rgc8 25.Nd3 Nc6 26.g4 fxg4 27.Rxg4 e5 28.Rg7 Bxh3 29.Rxh7 Be6
30.Ng7 Bd6 31.Rdh1 Nd8 32.Ne1 a6 33.Nxe6 Nxe6 34.Bg4 Rf8 35.Rh8 Rxh8 36.Rxh8+ Ka7
37.Bxe6 fxe6 38.Re8 Re7 39.Rxe7+ Bxe7 40.Nf3 Bf6 41.Nh2 Kb7 42.Kc1 Kc6 43.Kd2 Kd6
44.c3  1/2-1/2

[Event "Bundesliga 9798"]
[Site "Germany"]
[Date "1998.??.??"]
[Round "?.8"]
[White "Jung, Karl Otto"]
[Black "Brendel, Oliver"]
[Result "0-1"]
[WhiteElo "2195"]
[BlackElo "2425"]

1.d4 Nf6 2.Bg5 g6 3.Nd2 Bg7 4.e4 d6 5.f4 h6 6.Bxf6 Bxf6 7.Ngf3 c5 8.Bb5+ Nd7
9.e5 Bg7 10.e6 fxe6 11.Qe2 O-O 12.Qxe6+ Kh7 13.Ng5+ hxg5 14.Qh3+ Kg8 15.Bc4+ Rf7
16.Bxf7+ Kxf7 17.Qb3+ e6 18.fxg5 Qxg5 19.Nf3 Qd5 20.O-O Qxb3 21.axb3 Ke7
22.dxc5 dxc5 23.c3 b6 24.Ra4 Bb7 25.Rg4 Bxf3 26.gxf3 Ne5 27.Rg2 Kf6 28.f4 Nc6
29.Rd1 Bh6 30.Rd6 Na5 31.Re2 Re8 32.b4 Nc4 33.Rc6 Bxf4 34.bxc5 Na5 35.Re4 Nxc6
36.Rxf4+ Ke5 37.Rf7 bxc5 38.Rb7 Rb8  0-1

[Event "BL2-S9798"]
[Site "Germany"]
[Date "1998.??.??"]
[Round "?.5"]
[White "Hauke, Christian"]
[Black "Neunhoeffer, Helmut"]
[Result "0-1"]
[WhiteElo "2210"]
[BlackElo "2355"]

1.d4 Nf6 2.Bg5 d5 3.e3 e6 4.Bd3 c5 5.c3 Qb6 6.b3 cxd4 7.exd4 Nc6 8.Nf3 Bd6
9.O-O h6 10.Bh4 Nh5 11.Re1 Nf4 12.Bf1 Ng6 13.Bg3 Bxg3 14.hxg3 Bd7 15.Bd3 Nge7
16.Nbd2 Rc8 17.Rc1 O-O 18.Bb1 Rfd8 19.Nf1 Rc7 20.Qd3 Ng6 21.Qe3 Nce7 22.g4 Rdc8
23.N1d2 Qa5 24.c4 e5 25.Nxe5 Nxe5 26.dxe5 Bxg4 27.Qd4 Bf5 28.Bxf5 Nxf5 29.Qf4 Ne7
30.e6 Ng6 31.exf7+ Rxf7 32.Qg4 Rcf8 33.Nf3 Nf4 34.Ne5 Rf5 35.g3 Rg5 36.Qd7 Qd2
37.Nf3 Rxg3+  0-1

[Event "BL9798 (Women)"]
[Site "Germany"]
[Date "1998.??.??"]
[Round "?.2"]
[White "Fischdick, Gisela"]
[Black "Espig, Gesine"]
[Result "1-0"]
[WhiteElo "2285"]
[BlackElo "2065"]

1.d4 d5 2.Bg5 Nf6 3.Bxf6 exf6 4.e3 Bf5 5.Ne2 c6 6.Ng3 Bg6 7.h4 h6 8.h5 Bh7
9.Bd3 Bxd3 10.Qxd3 Na6 11.c3 Nc7 12.Nd2 Qd7 13.O-O-O O-O-O 14.Nb3 Qg4 15.Qf5+ Qxf5
16.Nxf5 g6 17.Nh4 Rg8 18.g3 Re8 19.Nd2 Nb5 20.Nhf3 Nd6 21.hxg6 fxg6 22.g4 g5
23.Rdg1 Bg7 24.Kd1 Rgf8 25.Ke2 Re6 26.Rh5 Rfe8 27.Nh2 R8e7 28.Nhf1 f5 29.gxf5 Nxf5
30.Ng3 Nd6 31.Rh2 b6 32.Nh5 Bh8 33.Nf3 c5 34.Ng3 Kc7 35.Nxg5 Rg6 36.Nf3 Reg7
37.Ne5 Re6 38.Rgh1  1-0

[Event "BL2-W9798"]
[Site "Germany"]
[Date "1998.??.??"]
[Round "?.4"]
[White "Kinsman, Andrew PH"]
[Black "Kienast, Joerg"]
[Result "1-0"]
[WhiteElo "2395"]
[BlackElo "2205"]

1.d4 Nf6 2.Bg5 d5 3.e3 g6 4.Bxf6 exf6 5.c4 Nc6 6.Nc3 Ne7 7.Qf3 Be6 8.Qxf6 Rg8
9.cxd5 Bxd5 10.e4 Be6 11.d5 Bg7 12.Qf3 Bc8 13.Bc4 Qd6 14.Nge2 Bd7 15.Qe3 h5
16.O-O g5 17.Bb5 c6 18.dxc6 bxc6 19.Rfd1 Qc7 20.Rac1 Qb6 21.Qd2 Rd8 22.Ba4 Be5
23.Qc2 g4 24.Rd3 h4 25.g3 Rg6 26.Rcd1 Rf6 27.Nd4 Rd6 28.Nde2 Rf6 29.Nf4 Rxf4
30.gxf4 Bxf4 31.Bb3 Qc7 32.f3 g3 33.h3 Qb6+ 34.Kg2 Qc7 35.Ne2 Ng6 36.Ba4 Bg5
37.f4 Be7 38.e5 Qb6 39.Rf3 Kf8 40.Bb3 c5 41.Bd5 Bb5 42.Nc3 Bc6 43.Bxc6 Qxc6
44.Rxd8+ Bxd8 45.Qe4 Qd7 46.Qd5 Qc8 47.Ne4 Bb6 48.Qxf7+  1-0

[Event "Oberliga Ost B9798"]
[Site "Germany"]
[Date "1998.??.??"]
[Round "?.1"]
[White "Vidoniak, Roman"]
[Black "Brueggemann, Joachim"]
[Result "1-0"]
[WhiteElo "2415"]
[BlackElo "2310"]

1.d4 Nf6 2.Bg5 d5 3.e3 e6 4.Bd3 Be7 5.Nd2 c5 6.c3 Qb6 7.Rb1 Bd7 8.Qe2 Na6
9.Ngf3 Nc7 10.O-O Bb5 11.c4 dxc4 12.Nxc4 Bxc4 13.Bxc4 cxd4 14.Nxd4 O-O 15.Rbd1 Rfd8
16.Nf3 h6 17.Bh4 Rxd1 18.Rxd1 Rd8 19.Rxd8+ Bxd8 20.Qd3 Be7 21.Bg3 Ncd5 22.Be5 Qc6
23.Nd4 Qc5 24.Nb3 Qc8 25.Qe2 a6 26.a3 b5 27.Bd3 Nd7 28.Bg3 N5b6 29.Bb1 Bf6
30.Qd3 g6 31.h4 Qc4 32.Nd4 e5 33.Ne2 Qxd3 34.Bxd3 Nc5 35.Bc2 Nc4 36.b4 Na4
37.Be4 Nxa3 38.Bb7 Nc2 39.Bxa6 Nxb4 40.Bxb5 Nc5 41.Nc3 h5 42.f3 Kf8 43.Kf2 Ke7
44.Ke2 Bg7 45.Be1 Bf8 46.g4 Kf6 47.Bg3 Bd6 48.Bc4 hxg4 49.fxg4 Nc6 50.Bd5 Ne7
51.Bg2 Kg7 52.Nb5 Bb8 53.Be1 Ng8 54.Bb4 Nd7 55.Bc6 Nf8 56.Nd6 Bxd6 57.Bxd6 f6
58.Bd5 Nh6 59.g5 fxg5 60.Bxe5+ Kh7 61.hxg5 Nf5 62.e4 Ne7 63.Bd6 Nxd5 64.exd5 Nd7
65.Kd3 Kg7 66.Kc4 Kf7 67.Kb5 Ke8 68.Kc6 Kd8 69.Kb7  1-0

[Event "Oberliga Ost B9798"]
[Site "Germany"]
[Date "1998.??.??"]
[Round "?.5"]
[White "Haubt, Georg"]
[Black "Nill, Jessica"]
[Result "0-1"]
[WhiteElo "2300"]
[BlackElo "2140"]

1.d4 Nf6 2.Bg5 c5 3.Bxf6 gxf6 4.dxc5 Qa5+ 5.Nc3 Qxc5 6.e4 Bg7 7.Qf3 O-O 8.Bd3 Nc6
9.Nge2 d6 10.Nd5 Re8 11.O-O a5 12.Qg3 Ne5 13.Nef4 Kh8 14.Qh4 Ng6 15.Nxg6+ fxg6
16.a4 Bd7 17.Ra3 Rac8 18.c3 Bc6 19.Qh3 f5 20.Qf3 e6 21.Nf4 e5 22.Ne2 Rf8
23.Qh3 fxe4 24.Bb1 d5 25.Qh4 Rc7 26.Ra1 Rcf7 27.Bc2 Rf5 28.b3 Bf6 29.Qg3 Bg5
30.h4 Bf4 31.Qh3 Bd7 32.g4 R5f7 33.c4 h5 34.Qg2 Bxg4 35.Nc3 Bf3 36.Qh3 d4
37.Nxe4 Qc6 38.Rae1 Bxe4 39.Bxe4 Qf6 40.f3 b6 41.Re2 Rg7 42.Rg2 Rd8 43.Rd1 Rd6
44.Kf1 Kh7 45.Ke2 Qe7 46.Qh1 Rf6 47.Rd3 Bh6 48.Qe1 Rf4 49.Rh2 Rgf7 50.Bd5 Rf8
51.Kd1 Qa3 52.Ke2 Qb2+ 53.Qd2 Qxd2+ 54.Rxd2 Rxf3 55.Bxf3 Bxd2 56.Be4 Bf4
57.Rg2 Rf6 58.Kd3 Kh6 59.Rc2 Bg3 60.c5 bxc5 61.Rxc5 Ra6 62.Kc4 Bxh4 63.Kb5 Rd6
64.Kc4 Be1 65.Rxe5 Bc3 66.Re8 Kg5 67.Kd3 Kg4 68.Ke2 Rf6 69.Rh8 h4 70.Rh6 Kg5
71.Rh7 Bb4 72.Kd3 Rd6  0-1

[Event "BL2-W9798"]
[Site "Germany"]
[Date "1998.??.??"]
[Round "?.7"]
[White "Dresen, Ulrich"]
[Black "Weidemann, Christian"]
[Result "1/2-1/2"]
[WhiteElo "2265"]
[BlackElo "2215"]

1.d4 Nf6 2.Bg5 d5 3.Bxf6 gxf6 4.e3 Bf5 5.Ne2 c5 6.Ng3 Qa5+ 7.Nc3 Bd7 8.Be2 Nc6
9.O-O cxd4 10.exd4 e6 11.Bh5 Qb6 12.Re1 Be7 13.Nf5 exf5 14.Nxd5 Qd8 15.Qf3 O-O
16.Nxe7+ Nxe7 17.Qxb7 Nc6 18.d5 Rb8 19.Qa6 Nb4 20.Qc4 Qc8 21.Qd4 Nxc2 22.Qxf6 Nxa1
23.Qg5+ Kh8 24.Qf6+ Kg8  1/2-1/2

[Event "BL2-W9798"]
[Site "Germany"]
[Date "1998.??.??"]
[Round "?.1"]
[White "Hall, Jesper"]
[Black "Kosten, Anthony C"]
[Result "1/2-1/2"]
[WhiteElo "2460"]
[BlackElo "2530"]

1.d4 Nf6 2.Bg5 g6 3.Bxf6 exf6 4.e3 Bg7 5.Bd3 f5 6.Nd2 f4 7.Qf3 fxe3 8.fxe3 Qh4+
9.g3 Qf6 10.Qg2 Qe7 11.O-O-O O-O 12.h4 d5 13.h5 Bg4 14.Rf1 Qxe3 15.hxg6 fxg6
16.Qxd5+ Be6 17.Rxf8+ Bxf8 18.Qe4 Qxe4 19.Nxe4 Be7 20.Nf3 Nc6 21.Nfg5 Bd5
22.Rxh7 Rd8 23.Rh2 Nb4 24.Kd2 Nxd3 25.Kxd3 c5 26.Nf3 Be6 27.Ke3 b6 28.Rd2 cxd4+
29.Nxd4 Bd5 30.Nb5 a6 31.Nbc3 Bc6 32.Rxd8+ Bxd8 33.Kd4 Kf7 34.Nd5 Ke6 35.c4 Kf5
36.Ne3+ Ke6 37.Nd5 Kf5 38.Ne3+ Ke6 39.g4 Bc7 40.Ng5+ Kf6 41.Ne4+ Ke6  1/2-1/2

[Event "NRW-Liga 9798"]
[Site "Germany"]
[Date "1998.??.??"]
[Round "5.6"]
[White "Schirbel, Andreas"]
[Black "Handke, Harald"]
[Result "1-0"]
[WhiteElo "2310"]
[BlackElo "2255"]

1.d4 Nf6 2.Bg5 d5 3.Bxf6 exf6 4.e3 Bd6 5.Bd3 O-O 6.Nd2 Re8 7.Qf3 c6 8.Ne2 Na6
9.c3 Nc7 10.O-O-O b5 11.g4 b4 12.h4 bxc3 13.Nxc3 Rb8 14.g5 f5 15.Bxf5 Nb5
16.Nxb5 Rxb5 17.Bd3 Rb4 18.h5 Rf8 19.Rdg1 Be7 20.Qg2 Qa5 21.g6 h6 22.gxf7+ Rxf7
23.Qg6 Bf6 24.Qh7+ Kf8 25.Qh8+ Ke7 26.Qxc8 Qxa2 27.b3 Qa1+ 28.Kc2 Qa2+ 29.Kd1 Rb6
30.Bg6 Rf8 31.Qc7+ Ke6 32.f4 Bg5 33.f5+ Rxf5 34.Qc8+ Kd6 35.Bxf5 Ke7 36.Qe6+ Kf8
37.Bh7 Qa1+ 38.Ke2 Qa6+ 39.Bd3 Qb7 40.Rf1+ Bf6 41.Rhg1 c5 42.Rxf6+  1-0

[Event "NRW-Liga 9798"]
[Site "Germany"]
[Date "1998.??.??"]
[Round "9.6"]
[White "Schirbel, Andreas"]
[Black "Zatschek, Mark"]
[Result "1-0"]
[WhiteElo "2310"]
[BlackElo "2250"]

1.d4 Nf6 2.Bg5 g6 3.Bxf6 exf6 4.c4 d5 5.cxd5 Qxd5 6.Nc3 Qa5 7.e3 Bd6 8.g3 c6
9.Bg2 O-O 10.Ne2 Rd8 11.O-O Be6 12.a3 Qb6 13.Rb1 Bb3 14.Qd3 Nd7 15.Nc1 Be6
16.b4 a6 17.N1e2 Bf8 18.Qc2 Rac8 19.Na4 Qc7 20.Nc5 Bd6 21.Nxe6 fxe6 22.Qb3 Nf8
23.Nc3 Kg7 24.Ne4 e5 25.dxe5 Bxe5 26.f4 Bd6 27.Qc3 Qe7 28.g4 Kf7 29.Rbd1 Bc7
30.Rde1 Bb6 31.Kh1 Rd7 32.g5 f5 33.Nf6 Rd6 34.e4 Bd4 35.Qh3 Bxf6 36.exf5 Qd8
37.fxg6+ hxg6 38.gxf6 Rc7 39.f5 Rxf6 40.fxg6+ Kxg6 41.Be4+ Kg7 42.Rxf6  1-0

[Event "BL2-N9798"]
[Site "Germany"]
[Date "1998.??.??"]
[Round "9.5"]
[White "Breutigam, Martin"]
[Black "Neukirch, Detlef"]
[Result "1/2-1/2"]
[WhiteElo "2380"]
[BlackElo "2310"]

1.d4 Nf6 2.Bg5 d5 3.Bxf6 gxf6 4.c4 c6 5.e3 Bf5 6.Nc3 e6 7.Nf3 Bd6 8.c5 Bc7
9.Bd3 Bxd3 10.Qxd3 f5 11.b4 O-O 12.h3 Nd7 13.Ne2 a5 14.b5 Qf6 15.Rc1 Qh6
16.b6 Bb8 17.Kd2 Nf6 18.Kc2 Ne4 19.Rcf1 a4 20.g4 Kh8 21.gxf5 Rg8 22.fxe6 fxe6
23.Nd2 Nxd2 24.Kxd2 e5 25.f4 exf4 26.exf4 Qf6 27.Kc2 a3 28.Rhg1 Re8 29.Nc3 Rg8
30.Rxg8+ Kxg8 31.Qe3 Kf7 32.Kb3 Ra5 33.Rf2 Qf5 34.Re2 Bxf4 35.Qe7+ Kg6 36.Rg2+ Kh5
37.Qe8+ Kh4 38.Qe1+ Kh5 39.Rg4 Bg5 40.Qe2 Kh6 41.h4 Bc1 42.Rg1 Bf4 43.Qe7 Bd2
44.Qxb7 Rb5+ 45.Kxa3 Ra5+ 46.Kb3 Rb5+ 47.Nxb5 Qd3+ 48.Kb2 Qxb5+ 49.Kc2 Qc4+
50.Kxd2  1/2-1/2

[Event "NRW-Liga 9798"]
[Site "Germany"]
[Date "1998.??.??"]
[Round "9.7"]
[White "Brenke, Andreas"]
[Black "Prange, Stefan"]
[Result "1-0"]
[WhiteElo "2275"]
[BlackElo "2185"]

1.d4 Nf6 2.Bg5 c5 3.d5 d6 4.Nc3 Nbd7 5.e4 g6 6.f4 Bg7 7.Nf3 O-O 8.a4 Qa5
9.Nd2 h6 10.Bh4 Re8 11.Be2 Nf8 12.O-O Qd8 13.Nc4 N6h7 14.e5 g5 15.fxg5 hxg5
16.Bh5 gxh4 17.Bxf7+ Kh8 18.Qh5 b5 19.Bxe8 bxc4 20.Rxf8+ Bxf8 21.Bg6 Bh6
22.Qxh6 Qg8 23.Rf1 Qg7 24.Rf8+  1-0

[Event "Gyongyos Matra Kupa"]
[Site "Gyongyos"]
[Date "1998.??.??"]
[Round "4"]
[White "Muhari, Gabor"]
[Black "Balogh, Lajos"]
[Result "0-1"]
[WhiteElo "2025"]
[BlackElo "2125"]

1.d4 Nf6 2.Bg5 c5 3.Bxf6 gxf6 4.d5 Qb6 5.b3 d6 6.c4 Bg7 7.Nd2 Bf5 8.e4 Bg6
9.Qc2 f5 10.Rd1 fxe4 11.Ne2 e3  0-1

[Event "Perenyi mem 2nd"]
[Site "Gyula"]
[Date "1998.??.??"]
[Round "3"]
[White "Turzo, Attila"]
[Black "Fogarasi, Tibor"]
[Result "1/2-1/2"]
[WhiteElo "2415"]
[BlackElo "2440"]

1.d4 Nf6 2.Bg5 d5 3.Bxf6 exf6 4.e3 Bd6 5.g3 c6 6.Bg2 f5 7.Nd2 O-O 8.Ne2 Nd7
9.O-O Nf6 10.c4 dxc4 11.Nxc4 Bc7 12.Nc3 Be6 13.Qe2 Qe7 14.Ne5 Bxe5 15.dxe5 Nd7
16.f4 f6 17.exf6 Nxf6 18.e4 Ng4 19.exf5 Qc5+ 20.Kh1 Bxf5 21.Ne4 Rae8 22.Qxg4 Bxe4
23.Rad1 Qc2 24.Bxe4 Rxe4 25.Rfe1 Rfe8 26.Rxe4 Qxe4+ 27.Kg1 Qc2 28.Qd7 Qc5+
29.Qd4 Qh5 30.Qc4+ Kh8 31.Rd2 h6 32.Kg2 a5 33.Qd3 Qg4 34.a3 Qe6 35.f5 Qe5  1/2-1/2

[Event "Hessenliga9798"]
[Site "Hessen"]
[Date "1998.??.??"]
[Round "?.6"]
[White "Weil, Volker"]
[Black "Mueller, Max"]
[Result "1/2-1/2"]
[WhiteElo "2235"]
[BlackElo "2075"]

1.d4 Nf6 2.Bg5 g6 3.Bxf6 exf6 4.e3 Bg7 5.Ne2 d5 6.Nf4 c6 7.Bd3 Nd7 8.O-O O-O
9.c3 f5 10.b4 Nf6 11.Qc2 Qd6 12.Nd2 Re8 13.Nf3 Bh6 14.g3 Ne4 15.b5 g5 16.Ng2 cxb5
17.Bxb5 Bd7 18.Bxd7 Qxd7 19.c4 Rac8 20.Ne5 Qc7 21.f3 Nd6 22.c5 b6 23.Nd3 Nc4
24.Rfe1 Bg7 25.Kh1 f4 26.gxf4 gxf4 27.Ndxf4 bxc5 28.Nxd5 Qd6 29.Qxc4 cxd4
30.Qb3 Rb8 31.Qc4 Rec8 32.Qd3 Qxd5 33.e4 Qa5 34.e5 Bxe5 35.Qf5 Rc5 36.Qg4+ Bg7
37.Nh4 d3 38.Rg1 Qc3 39.Nf5 Rxf5 40.Qxf5 d2 41.Rad1 Rd8 42.Qf4 Kf8 43.Rg2 Be5
44.Qe4 Bf6 45.Re2 Qa3 46.Qe3 Qxe3 47.Rxe3 Rc8 48.Rxd2  1/2-1/2

[Event "Hollabrunn op"]
[Site "Hollabrunn"]
[Date "1998.??.??"]
[Round "7"]
[White "Brumen, Dinko"]
[Black "Weinzettl, Ernst"]
[Result "0-1"]
[WhiteElo "2385"]
[BlackElo "2410"]

1.d4 Nf6 2.Bg5 d5 3.e3 c5 4.Bxf6 gxf6 5.Ne2 cxd4 6.exd4 Nc6 7.c3 Qb6 8.b3 e5
9.g3 Be6 10.Bg2 O-O-O 11.O-O h5 12.a4 h4 13.b4 hxg3 14.hxg3 Qc7 15.Nd2 Qd7
16.Re1 Bh3 17.Bh1 Bh6 18.Nb3 e4 19.Nc5 Qf5 20.Qc2 Qh5 21.b5 Bg4 22.bxc6 Bg5
23.Bg2 Bf3 24.Bxf3 Qxf3 25.cxb7+ Kc7 26.Kf1 Rh2  0-1

[Event "Hollabrunn op"]
[Site "Hollabrunn"]
[Date "1998.??.??"]
[Round "9"]
[White "Brumen, Dinko"]
[Black "Neamtu, Serban"]
[Result "1-0"]
[WhiteElo "2385"]
[BlackElo "2315"]

1.d4 d5 2.Bg5 Nf6 3.e3 c5 4.Bxf6 gxf6 5.dxc5 Qa5+ 6.Nc3 e6 7.Qd4 Qxc5 8.Qxf6 Rg8
9.Qh4 Qb4 10.Qxb4 Bxb4 11.Ne2 Nc6 12.g3 Bd7 13.Bg2 Ne5 14.O-O-O Rc8 15.e4 Ng4
16.Rhf1 Nxh2 17.Rh1 Ng4 18.Rxh7 d4 19.Nxd4 Nxf2 20.Rf1 Ng4 21.Rfxf7 Ne5 22.Rfg7 Rxg7
23.Rxg7 Bxc3 24.bxc3 Rxc3 25.Bh3 Kf8 26.Rh7 Rxg3 27.Bxe6 Rg7 28.Rh8+  1-0

[Event "HUN-chT9899"]
[Site "HUN"]
[Date "1998.??.??"]
[Round "?"]
[White "Meszaros, Gyula"]
[Black "Horvath, Miklos"]
[Result "1/2-1/2"]
[WhiteElo "2305"]
[BlackElo "2285"]

1.d4 Nf6 2.Bg5 d5 3.Bxf6 exf6 4.e3 Be6 5.Bd3 c6 6.Nd2 Bd6 7.Qf3 Nd7 8.Ne2 Qc7
9.h3 g6 10.O-O-O O-O-O 11.Kb1 Kb8 12.c4 dxc4 13.Nxc4 Be7 14.Nf4 Nb6 15.Nxe6 fxe6
16.Nxb6 axb6 17.Qe4 Rd6  1/2-1/2

[Event "HUN-chT2 9798"]
[Site "HUN"]
[Date "1998.??.??"]
[Round "?"]
[White "Galyas, Miklos"]
[Black "Kovacs, Istvan"]
[Result "1-0"]
[WhiteElo "2265"]
[BlackElo "2220"]

1.d4 Nf6 2.Bg5 c5 3.d5 Ne4 4.Bf4 Qb6 5.Nd2 Nxd2 6.Bxd2 Qxb2 7.e4 g6 8.Rb1 Qe5
9.Bd3 Bg7 10.c4 O-O 11.h4 e6 12.Nf3 Qc7 13.h5 exd5 14.cxd5 d6 15.hxg6 hxg6
16.Bh6 Qe7 17.Qd2 f5 18.Bxg7 Qxg7 19.Ng5 f4 20.Ke2 Qe7 21.Qc3 Qg7 22.Qxg7+ Kxg7
23.e5 dxe5 24.Rh7+ Kf6 25.Ne4+ Kf5 26.g4+ fxg3 27.fxg3  1-0

[Event "HUN-chT2 9798"]
[Site "HUN"]
[Date "1998.??.??"]
[Round "?"]
[White "Galyas, Miklos"]
[Black "Rigan, Jozsef"]
[Result "1-0"]
[WhiteElo "2265"]
[BlackElo "2230"]

1.d4 Nf6 2.Bg5 c5 3.Nc3 cxd4 4.Qxd4 Nc6 5.Qh4 h6 6.O-O-O d6 7.e4 Bd7 8.Nf3 Ng4
9.Bb5 a6 10.Bxc6 bxc6 11.h3 Nxf2 12.Qxf2 hxg5 13.e5 Qa5 14.Rhe1 Be6 15.Nd4 Rh6
16.Rd3 Qc7 17.Rde3 dxe5 18.Rxe5 Bd7 19.Qg3 O-O-O 20.Qd3 Qa7 21.Qc4 Be8 22.Nf5 e6
23.Nxh6 gxh6 24.Ra5 Kb7 25.Ne4 Rd5 26.Qb3+ Qb6 27.Qxb6+ Kxb6 28.Ra4 Re5 29.Rd4 Be7
30.Rdd1 Kc7 31.Nf2 Rxe1 32.Rxe1 h5 33.c4 c5 34.a3 Bc6 35.g4 h4 36.Nd3 Bd6
37.Ne5 Be8 38.Kd1 f6 39.Nd3 Ba4+ 40.Ke2 Bc6 41.Kf1 Kd7 42.b4 cxb4 43.axb4 e5
44.Ra1 Be4 45.Ke2 Bb7 46.c5 Bc7 47.Nf2 e4 48.Nd1 Be5 49.Ra2 Kc6 50.Ra5 Kd5
51.Ne3+ Kd4 52.Nf5+ Kc3 53.c6 Bc8 54.Rxe5 fxe5 55.Nd6 Be6 56.b5 axb5 57.Nxb5+ Kc4
58.Na7 Kd4 59.c7 Bc4+ 60.Kf2 e3+ 61.Ke1 Ba6 62.c8=Q Bxc8 63.Nxc8 Ke4 64.Ke2 Kf4
65.Nd6 Kg3 66.Kxe3 Kxh3 67.Kf3 Kh2 68.Ne4 h3 69.Nxg5 e4+ 70.Nxe4 Kg1 71.Ng3 h2
72.g5  1-0

[Event "HUN-chT29899"]
[Site "HUN"]
[Date "1998.??.??"]
[Round "?"]
[White "Zdjelar, Dusan"]
[Black "Schubert, Gyula"]
[Result "1/2-1/2"]
[WhiteElo "2200"]
[BlackElo "2075"]

1.d4 Nf6 2.Bg5 g6 3.Nc3 Bg7 4.Qd2 d6 5.e4 c6 6.f3 b5 7.Nge2 Nbd7 8.Bh6 O-O
9.h4 Nb6 10.Ng3 e5 11.Bxg7 Kxg7 12.O-O-O Be6 13.h5 Ng8 14.Qe3 Qf6 15.a3 Bc4
16.b3 Bxf1 17.Rhxf1 Rad8 18.f4 exd4 19.Rxd4 c5  1/2-1/2

[Event "Zemplen Kupa op"]
[Site "Hungary"]
[Date "1998.??.??"]
[Round "7"]
[White "Turzo, Attila"]
[Black "Boros, Daniel"]
[Result "1-0"]
[WhiteElo "2345"]
[BlackElo "2300"]

1.d4 Nf6 2.Bg5 g6 3.Bxf6 exf6 4.c4 Bg7 5.g3 O-O 6.Bg2 f5 7.e3 c5 8.Ne2 Qb6
9.Nbc3 cxd4 10.exd4 Nc6 11.c5 Qb4 12.a3 Qc4 13.b3 Qa6 14.O-O d6 15.b4 Nxd4
16.Nxd4 dxc5 17.Ndb5 Qb6 18.bxc5 Qa5 19.Rc1 a6 20.Nd6 Qxc5 21.Ncb5 Qb6 22.Nc7 Rb8
23.Nxc8 Rbxc8 24.Nd5 Qd6 25.Qb3 b5 26.Qb4  1-0

[Event "Kiev-ch"]
[Site "Kiev"]
[Date "1998.??.??"]
[Round "10"]
[White "Semenova, Lidia K"]
[Black "Malakhatko, Vadim"]
[Result "0-1"]
[WhiteElo "2305"]
[BlackElo "2410"]

1.d4 Nf6 2.Bg5 c5 3.Bxf6 gxf6 4.d5 Qb6 5.Qc1 Bg7 6.g3 f5 7.c3 Qh6 8.Na3 Qxc1+
9.Rxc1 d6 10.Bh3 Na6 11.Nc4 b5 12.Ne3 e6 13.f4 Nc7 14.Bg2 Rb8 15.Nh3 Ke7
16.O-O b4 17.Rfd1 bxc3 18.bxc3 Ba6 19.Rd2 Nb5 20.Nd1 Na3 21.e4 fxe4 22.Bxe4 h6
23.dxe6 fxe6 24.f5 Nc4 25.Rf2 e5 26.Bd3 Rb6 27.Bxc4 Bxc4 28.Ne3 Bg8 29.c4 Bf6
30.Re2 Kf8 31.Nf2 Bg5 32.Ne4 Ke7 33.h4 Bxe3+ 34.Rxe3 Bf7 35.g4 Be8 36.f6+ Ke6
37.Rf1 Bg6 38.g5 Rb7 39.Ng3 hxg5 40.hxg5 Rh4 41.Ne2 Rg4+ 42.Kf2 Rxg5 43.Rd1 Rf5+
44.Ke1 Rxf6 45.Ra3 Bh5 46.Ra6 Rd7 47.Rd5 Bf3 48.Rd3 Bxe2 49.Kxe2 Rf4 50.Ra4 Rb7
51.Rh3 Rb2+ 52.Ke3 Rb7 53.Rh6+ Rf6 54.Rxf6+ Kxf6 55.a3 Kf5 56.Ra6 Rd7 57.Rc6 Ke6
58.a4 Rh7 59.Ra6 Rh4 60.Kd3 e4+ 61.Ke3 Ke5 62.Rxa7 Rh3+ 63.Kf2 Kd4  0-1

[Event "Klatovy op-A"]
[Site "Klatovy"]
[Date "1998.??.??"]
[Round "?"]
[White "Heinrich, T."]
[Black "Palek, Miroslav"]
[Result "1/2-1/2"]
[WhiteElo "2330"]
[BlackElo "2175"]

1.d4 Nf6 2.Bg5 c5 3.Bxf6 gxf6 4.d5 Qb6 5.Qc1 Bg7 6.c3 f5 7.e3 e5 8.f4 d6
9.Ne2 Nd7 10.Ng3 Nf6 11.Bc4 O-O 12.O-O e4 13.a4 Qd8 14.Na3 a6 15.Nc2 b6 16.Qd1 Kh8
17.Nh5 Nxh5 18.Qxh5 Qf6 19.g3 Qg6 20.Be2 Bd7 21.Ra3 Ra7 22.Rfa1 Rb8 23.Rb3 Bf6
24.Ne1  1/2-1/2

[Event "Klatovy op-A"]
[Site "Klatovy"]
[Date "1998.??.??"]
[Round "?"]
[White "Heinrich, T."]
[Black "Blecha, M."]
[Result "1-0"]
[WhiteElo "2330"]
[BlackElo "2070"]

1.d4 Nf6 2.Bg5 c5 3.Bxf6 gxf6 4.d5 Qb6 5.Qc1 f5 6.e3 Bg7 7.c3 e6 8.Bc4 Qd6
9.Qd2 a6 10.a4 b6 11.Ne2 Bb7 12.Na3 e5 13.f4 e4 14.Ba2 Qg6 15.Nc4 b5 16.Na5 Bc8
17.d6 Nc6 18.Qd5 Nxa5 19.Qxa8 Qxd6 20.axb5 Qc7 21.bxa6 Nc6 22.Bd5 O-O 23.Ng3 Ne7
24.a7 Nxd5 25.Qxd5 Bb7 26.a8=Q Bxd5 27.Qxd5 Qb6 28.Qd2  1-0

[Event "Klatovy op-A"]
[Site "Klatovy"]
[Date "1998.??.??"]
[Round "?"]
[White "Heinrich, T."]
[Black "Steiner, Peter"]
[Result "1/2-1/2"]
[WhiteElo "2330"]
[BlackElo "2030"]

1.d4 Nf6 2.Bg5 c5 3.Bxf6 gxf6 4.c3 Qb6 5.Qd2 d5 6.e3 Bf5 7.Ne2 Nc6 8.dxc5 Qxc5
9.Nd4 Bg6 10.Nxc6 bxc6 11.Qd4 e5 12.Qxc5 Bxc5 13.Nd2 Ke7 14.Nb3 Bd6 15.Na5 c5
16.Nb7 Rab8 17.Ba6 Bd3 18.Bxd3 Rxb7 19.b3 e4 20.Be2 f5 21.Rd1 c4 22.bxc4 dxc4
23.Bxc4 Rc7 24.Bb3 Rxc3 25.O-O Rhc8 26.Bxf7 Ba3 27.Bb3 Rc1 28.h4 Rxd1 29.Rxd1 Rc1
30.Rxc1 Bxc1 31.Bg8 h6 32.Bh7 Kf6 33.g4 fxg4 34.Kg2 Ke5 35.Kg3 Bd2 36.Kxg4 Be1
37.Kg3 Bd2 38.Bg6 Be1 39.Bh5 Bb4 40.Be2 Kf5 41.a4 a5 42.Bb5 Bd6+ 43.Kh3 Bb4  1/2-1/2

[Event "Klatovy op-A"]
[Site "Klatovy"]
[Date "1998.??.??"]
[Round "?"]
[White "Majerik, V."]
[Black "Snajdr, Jiri"]
[Result "1/2-1/2"]
[WhiteElo "1970"]
[BlackElo "2100"]

1.d4 d5 2.Bg5 Nf6 3.e3 Nbd7 4.Bd3 e5 5.dxe5 Nxe5 6.Be2 Be6 7.Nf3 Bd6 8.Nbd2 c6
9.O-O Qc7 10.c3 Neg4 11.h3 h6 12.Bf4 h5 13.Bxd6 Qxd6 14.Qa4 Nh6 15.Rad1 Qc7
16.Rfe1 Nf5 17.Bd3 O-O 18.Qc2 Ne7 19.Ng5 Rad8 20.Nb3 c5 21.Nxe6 fxe6 22.c4 Rc8
23.Qe2 Rf7 24.Nd2 Rcf8 25.Rf1 g6 26.Nf3 Nh7 27.Rc1 b6 28.b3 Rf6 29.Qb2 Nc6
30.a3 Qf7 31.Qe2 Qe7 32.Rcd1 Kg7 33.Bb1 d4 34.Be4 Qc7 35.exd4 Rxf3 36.Bxf3 Nxd4
37.Rxd4 cxd4 38.Qd2 Qf4 39.Re1 Ng5 40.Bc6 h4 41.f3 Kf6 42.Kf2 Nf7 43.Be4 Nd6
44.Bd3  1/2-1/2

[Event "Russia-chB (Women)"]
[Site "Kolontaevo"]
[Date "1998.??.??"]
[Round "?"]
[White "Lundina, Aelita"]
[Black "Shadrina, Tatiana"]
[Result "1/2-1/2"]
[WhiteElo "2250"]
[BlackElo "2300"]

1.d4 Nf6 2.Bg5 d5 3.Bxf6 exf6 4.e3 Bd6 5.Bd3 c6 6.Ne2 f5 7.h4 Qf6 8.g3 Be6
9.c3 Nd7 10.Nf4 Qh6 11.Nd2 g5 12.Qh5 Qxh5 13.Nxh5 Ke7 14.hxg5 Rag8 15.Ke2  1/2-1/2